Quizzes
Events
Quiz Creation
Community
Videos
Private Events
Remove Ads
Sign In
Join for FREE
Feedback
Dark Mode
Quiz Categories
Sports
Geography
Music
Movies
Television
Just For Fun
Miscellaneous
History
Literature
Language
Science
Gaming
Entertainment
Religion
Holiday
For Kids
Quiz Lab
Recent
Popular Today
Quiz Kudos Today
Editor Picks
Curator Picks
Quizzes by...
Day
Popularity
Type
Ratings
Length
Year
Community
Subscriptions
Recent Discussions
Orange Saloon
Badges
Playlists
Quests
Create
Leaderboards
Showdown
Live 5
Trivia Bingo
Activity
Puzzle Library
Sporcle Events
Private Events
Virtual Trivia
Globe League
Become a Host
Pub Owners
SporcleCon
Opinionation
Our Games
Videos
Blog
Mobile Apps
Partnerships
Remove Ads and Go Orange
Feedback
Movies
Disney
Marvel Cinematic Universe
Movie Resume
Movie Titles
Oscar
Actor
Actress
Director
Pixar
Role
Movie Quotes
Movie Characters
Box Office
Nominee
Best Picture
Star Wars
James Bond
Horror Movies
Movies
Disney
Marvel Cinematic Universe
Movie Resume
Movie Titles
Oscar
Actor
Actress
Director
Pixar
Role
Movie Quotes
Movie Characters
Box Office
Nominee
Best Picture
Star Wars
James Bond
Horror Movies
Random Quiz
Search Sporcle
×
Quiz Lab
Quiz Lab
Movies
100 Greatest
Type in answers that appear in a list
Type in answers that appear in a list
Classic
Best Score? Go Orange.
Entertainment Weekly 100 Greatest Movies Stats
Can you name the Entertainment Weekly 100 Greatest Movies?
By
minnesotajohn29
10m
125 Questions
911 Plays
911 Plays
911 Plays
Comments
Comments
Give Quiz Kudos
Give Quiz Kudos
-
- Ratings
hide this ad
More Info
Replay
Link that replays current quiz
Next Quiz
Link to next quiz in quiz playlist
You Got
0%
They Got
Avg Score
29%
Avg Friend Score
Upgrade to see
Score Distribution
Jump to the score distribution portion of the page
Score
0/125
Timer
10:00
0
Plays Today
Year
Movie
% Correct
1972
The Godfather
94.7%
1942
Casablanca
87.4%
1939
Gone with the Wind
84.1%
1941
Citizen Kane
83.1%
1977
Star Wars
76.2%
1939
The Wizard of Oz
69.8%
1960
Psycho
68.4%
1980
Raging Bull
67.6%
1982
E.T.: the Extra-Terrestrial
66.4%
1975
Jaws
63.8%
1993
Schindler's List
61.3%
1974
The Godfather, Part II
60.9%
1958
Vertigo
60.8%
1968
2001: A Space Odyssey
58.5%
1974
Chinatown
56.5%
1959
North by Northwest
54.9%
1976
Taxi Driver
54.2%
1994
Pulp Fiction
53.9%
1954
On the Waterfront
53.7%
1962
Lawrence of Arabia
53.2%
1981
Raiders of the Lost Ark
52%
1946
It's a Wonderful Life
51.8%
1975
One Flew Over the Cuckoo's Nest
51%
1991
The Silence of the Lambs
50.8%
1959
Some Like It Hot
50.7%
1964
Dr. Strangelove
50.4%
1952
Singin in the Rain
49.3%
1977
Annie Hall
49%
1967
The Graduate
47.5%
1979
Apocalypse Now!
46.2%
1950
Sunset Boulevard
44.7%
1956
The Searchers
43.2%
1950
All About Eve
43.1%
1937
Snow White and the Seven Dwarfs
42.2%
1957
The Bridge on the River Kwai
41.8%
1941
The Maltese Falcon
40.9%
1967
Bonnie and Clyde
39.7%
1933
King Kong
39.4%
1961
West Side Story
39.3%
1933
Duck Soup
39%
1962
To Kill a Mockingbird
39%
1939
Mr. Smith Goes to Washington
38.4%
Year
Movie
% Correct
1916
Intolerance
35.2%
1934
It Happened One Night
35.1%
1951
A Streetcar Named Desire
33.9%
1925
The Gold Rush
33.3%
1944
Double Indemnity
33.2%
1940
The Philadelphia Story
32.6%
1986
Aliens
32.5%
1948
The Treasure of the Sierra Madre
32.5%
1954
Seven Samurai
31.3%
1938
Bringing Up Baby
29.9%
1946
The Best Years of Our Lives
29.4%
1940
The Grapes of Wrath
27.7%
1982
Tootsie
27.6%
1951
The African Queen
27.3%
1975
Nashville
26.7%
1991
Beauty and the Beast
26.7%
1927
Sunrise
26.5%
1960
La Dolce Vita
25.2%
1969
The Wild Bunch
23.8%
1963
8 1|2
23.3%
1931
M
22.3%
1949
The Third Man
22.2%
1953
From Here to Eternity
21.1%
1973
American Graffiti
20.2%
1955
Rebel Without a Cause
19.5%
1973
Mean Streets
19.1%
1922
Nosferatu
18.6%
1957
The Seventh Seal
18.4%
1946
Notorious
18.1%
1986
Blue Velvet
17.8%
1960
Breathless
17.7%
1925
Battleship Potemkin
17%
1948
The Bicycle Thief
16.9%
1980
Airplane!
16.8%
1961
Jules and Jim
16.6%
1955
The Night of the Hunter
16.6%
1978
National Lampoon's Animal House
16.4%
1924
Sherlock Jr.
16.2%
1962
The Manchurian Candidate
16%
1989
Do the Right Thing
15.9%
1939
The Rules of the Game
15.8%
1941
Sullivan's Travels
15.7%
Year
Movie
% Correct
1971
The Last Picture Show
15.3%
1941
The Lady Eve
15.1%
1958
Touch of Evil
14.8%
1953
Tokyo Story
14.8%
1968
Once Upon a Time in the West
14.5%
1992
The Last of the Mohicans
13.3%
1942
Woman of the Year
13%
1956
Invasion of the Body Snatchers
12.7%
1970
Five Easy Pieces
12.7%
1982
The Verdict
12.7%
1930
L'Age d'Or
12.5%
1938
The Adventures of Robin Hood
12.2%
1993
The Piano
12%
1988
Bull Durham
12%
1974
Celine and Julie Go Boating
11.7%
1956
Written on the Wind
11.7%
1955
Diabolique
11.5%
1945
Mildred Pierce
11.4%
1975
Swept Away
11.4%
1935
The Bride of Frankenstein
11.1%
1961
Breakfast at Tiffany's
11.1%
1966
Blow-Up
10.8%
1957
Sweet Smell of Success
10.6%
1944
Henry V
10.5%
1936
Swing Time
10.2%
1946
Great Expectations
9.7%
1945
Children of Paradise
9.5%
1970
The Conformist
9.3%
1942
To Be or Not To Be
9.3%
1968
The Producers
9.3%
1934
It's a Gift
9%
1949
White Heat
8.9%
1953
Pickup on South Street
8.6%
1977
Saturday Night Fever
8.3%
1940
The Shop Around the Corner
8%
1988
Wings of Desire
6.9%
1984
This is Spinal Tap
6.7%
1954
A Star is Born
6.1%
1964
A Hard Day's Night
5.4%
1957
Funny Face
5.2%
1981
The Road Warrior
5%
Quiz Playlist
Details
Report
Send in Message
Add To Playlist
More Info:
This is based on the film list created by Entertainment Weekly in 1999. There were a Top 100 films, in addition to 25 honorable mentions.
Classic:
Type in answers that appear in a list
Last Updated: Feb 16, 2017
Quiz Scoreboard
CHALLENGE
Sign Up to Join the Scoreboard
Show All
Scores
Hide
Comments
May contain spoilers
Recently Published
Movies - When Are They Set?
by FPL_Elf
Movies
5m
Popular People in 1961
by mucciniale
History
6m
1-10 Letter E Words III
by El_Dandy
Language
2m
More to Explore
Quiz From the Vault
Featured Blog Post
Where Did the Easter Bunny Come From?
hide this ad
You Might Also Like...
Tags
100
100 Greatest
Entertainment Weekly
greatest
Weekly
Today's Top Quizzes in Movies
Browse Movies
hide this ad
Today's Top Quizzes in 100 Greatest
Browse 100 Greatest
Top Contributed Quizzes in Movies
1
Pick 5 Posters: Directed by Spielberg
2
Multi-Oscar Nominations, One Movie, One Winner
3
One Thing in Common: Movies
4
12 Movies about Fictional 1960s Events
5
One Thing in Common: Movies II
6
Sunday Crossword: Film Score Composers
7
Three Word 'H' Movies Match Up
8
Three Word 'T' Movies Match Up
9
One Thing in Common: Oscars
10
Three Word 'M' Movies Match Up
Explore More
Trending Topics
NBA
Disney
Anime
Marvel
Crossword
Harry Potter
Kpop
Country
NFL
Soccer
Song
WWE
Puzzle
Pokémon
The Office
hide this ad
More By:
minnesotajohn29
Quiz
Plays
Rating
Category
Featured
Created
First Ladies' Maiden Names
9,513
4.23
History
May 6, 2010
Entertainment Weekly 100 Greatest Movies
911
3.11
Movies
Dec 6, 2009
Daytime Emmy Outstanding Drama Series
381
3.80
Television
Dec 10, 2009
Screen Actors Guild Lifetime Achievement
218
4.50
Entertainment
Nov 25, 2009
Go to Creator's Profile
Score Distribution
Quiz Creator Spotlight
minnesotajohn29
Follow
Send a Message
Quizzes Created
-
Created Quiz Play Count
-
More By This Creator
Popular Quizzes Today
1
Find the Countries of Europe - No Outlines Minefield
2
Find the US States - No Outlines Minefield
3
The Countries of the World
4
Popular People in 1961
5
1-10 Letter E Words III
6
US States
7
Find the US States
8
One Thing in Common: World Cities II
More Movies Quizzes
Movies by Beards
Published
Trending Quizzes
Risky Map Clicking: Least Populous States A-Z
Humor Books: The Subtitles
1-10 Letter F Words
1-10 Letter G Words
One Thing in Common: United Kingdom
Recently Updated
Leaping Animals
pecheneg
Reality TV Shows (A-Z)
bhenderson79
Rickey Henderson's Hall of Fame Teammates
pecheneg
Champions League XIs: Arsenal
pecheneg
Quick Pick: Celebrities in WWE's Hall of Fame
aduchscher
A-Z Keypad Blitz II
pecheneg
Multiple Oscar Actors
pecheneg
Mystery Phrase Blitz: Oscar 'Best Actors'
pecheneg
F. Scott Fitzgerald Novels
LTH
Pick 3 Villains
ddd62291
Trending Topics
NBA
Harry Potter
Disney
Marvel
Kpop
Anime
Crossword
NFL
Puzzle
WWE
The Office
Pokémon
Country
Song
Soccer
Your Account Isn't Verified!
In order to create a playlist on Sporcle, you need to verify the email address you used during registration. Go to your
Sporcle Settings
to finish the process.
Report this User
Report this user for behavior that violates our
Community Guidelines
.
Details:
Send Report
Go to the Sporcle.com Mobile Site →
Comments